SAKSHIDARACHA PINJARA (Record no. 359258)

MARC details
000 -LEADER
fixed length control field 003330000a22001450004500
005 - DATE AND TIME OF LATEST TRANSACTION
control field 20120302063338.0
040 ## - CATALOGING SOURCE
Original cataloging agency MAR
100 ## - MAIN ENTRY--PERSONAL NAME
Personal name KUNTE , BHAGWAN GANESH
245 ## - TITLE STATEMENT
Title SAKSHIDARACHA PINJARA
260 ## - PUBLICATION, DISTRIBUTION, ETC. (IMPRINT)
Place of publication, distribution, etc THANE : SHASHIKALA KUNTE ,1996
300 ## - PHYSICAL DESCRIPTION
Extent 75 P.
365 ## - TRADE PRICE
Price amount RS.45/-
650 ## - SUBJECT ADDED ENTRY--TOPICAL TERM
Topical term or geographic name as entry element SANKIRNA / NATAK
942 ## - ADDED ENTRY ELEMENTS (KOHA)
Koha item type Book
Holdings
Withdrawn status Lost status Damaged status Not for loan Home library Current library Date acquired Total Checkouts Barcode Date last seen Price effective from
        Institute For Oriental Study, Thane Institute For Oriental Study, Thane 12/02/2009   IOS-M 20309 12/02/2009 12/02/2009